<?xml version="1.0" encoding="UTF-8"?>
<record
    xmlns:xsi="http://www.w3.org/2001/XMLSchema-instance"
    xsi:schemaLocation="http://www.loc.gov/MARC21/slim http://www.loc.gov/standards/marcxml/schema/MARC21slim.xsd"
    xmlns="http://www.loc.gov/MARC21/slim">

  <leader>01988nam0a2200493   4500</leader>
  <controlfield tag="001">RU\NLR\bibl\1024473</controlfield>
  <controlfield tag="005">20260406003802.0</controlfield>
  <datafield tag="010" ind1=" " ind2=" ">
    <subfield code="a">5-93273-214-8</subfield>
  </datafield>
  <datafield tag="021" ind1=" " ind2=" ">
    <subfield code="a">RU</subfield>
    <subfield code="b">2006-73100</subfield>
    <subfield code="9">3689</subfield>
  </datafield>
  <datafield tag="035" ind1=" " ind2=" ">
    <subfield code="a">(NLR Aleph) 001346908</subfield>
  </datafield>
  <datafield tag="090" ind1=" " ind2=" ">
    <subfield code="a">896150</subfield>
    <subfield code="c">896150</subfield>
  </datafield>
  <datafield tag="100" ind1=" " ind2=" ">
    <subfield code="a">20061219d2006    u  y0rusy50      ca</subfield>
  </datafield>
  <datafield tag="101" ind1="1" ind2=" ">
    <subfield code="a">rus</subfield>
  </datafield>
  <datafield tag="102" ind1=" " ind2=" ">
    <subfield code="a">RU</subfield>
    <subfield code="a">IL</subfield>
  </datafield>
  <datafield tag="105" ind1=" " ind2=" ">
    <subfield code="a">y   z|||001yy</subfield>
  </datafield>
  <datafield tag="135" ind1=" " ind2=" ">
    <subfield code="a">crmn mmmanaba</subfield>
  </datafield>
  <datafield tag="200" ind1="1" ind2=" ">
    <subfield code="a">&#x41C;&#x435;&#x434;&#x438;&#x446;&#x438;&#x43D;&#x430; &#x438; &#x43A;&#x430;&#x431;&#x431;&#x430;&#x43B;&#x430;</subfield>
    <subfield code="e">&#x442;&#x43E;&#x440;&#x430;, &#x441;&#x432;&#x435;&#x442;, &#x438;&#x441;&#x446;&#x435;&#x43B;&#x435;&#x43D;&#x438;&#x435;</subfield>
    <subfield code="f">&#x420;&#x430;&#x432; &#x41C;&#x430;&#x442;&#x438;&#x442;&#x44C;&#x44F;&#x433;&#x443; &#x413;&#x43B;&#x430;&#x437;&#x435;&#x440;&#x441;&#x43E;&#x43D;</subfield>
    <subfield code="g">[&#x43F;&#x435;&#x440;. &#x41C;&#x435;&#x438;&#x440; &#x41B;&#x435;&#x432;&#x438;&#x43D;&#x43E;&#x432;]</subfield>
  </datafield>
  <datafield tag="210" ind1=" " ind2=" ">
    <subfield code="a">&#x41C;&#x43E;&#x441;&#x43A;&#x432;&#x430;</subfield>
    <subfield code="c">&#x41C;&#x43E;&#x441;&#x442;&#x44B; &#x43A;&#x443;&#x43B;&#x44C;&#x442;&#x443;&#x440;&#x44B;</subfield>
    <subfield code="c">&#x418;&#x435;&#x440;&#x443;&#x441;&#x430;&#x43B;&#x438;&#x43C;</subfield>
    <subfield code="c">&#x413;&#x435;&#x448;&#x430;&#x440;&#x438;&#x43C;</subfield>
    <subfield code="d">2006</subfield>
  </datafield>
  <datafield tag="215" ind1=" " ind2=" ">
    <subfield code="a">189, [2] &#x441;.</subfield>
    <subfield code="d">21</subfield>
  </datafield>
  <datafield tag="225" ind1="1" ind2=" ">
    <subfield code="a">&#x41A;&#x430;&#x431;&#x431;&#x430;&#x43B;&#x430; &#x438; &#x435;&#x432;&#x440;&#x435;&#x439;&#x441;&#x43A;&#x430;&#x44F; &#x442;&#x440;&#x430;&#x434;&#x438;&#x446;&#x438;&#x44F;</subfield>
  </datafield>
  <datafield tag="300" ind1=" " ind2=" ">
    <subfield code="a">&#x41D;&#x430; &#x434;&#x43E;&#x43F;. &#x442;&#x438;&#x442;. &#x43B;.: Torah, light and healing / Rabbi Matityahu Glazerson</subfield>
  </datafield>
  <datafield tag="325" ind1=" " ind2=" ">
    <subfield code="a">&#x41A;&#x43E;&#x43F;&#x438;&#x44F; &#x434;&#x43E;&#x441;&#x442;&#x443;&#x43F;&#x43D;&#x430; &#x432; &#x42D;&#x43B;&#x435;&#x43A;&#x442;&#x440;&#x43E;&#x43D;. &#x431;-&#x43A;&#x435; &#x420;&#x41D;&#x411;</subfield>
  </datafield>
  <datafield tag="517" ind1="0" ind2=" ">
    <subfield code="6">z77790</subfield>
    <subfield code="a">Torah, light and healing</subfield>
    <subfield code="z">und</subfield>
  </datafield>
  <datafield tag="606" ind1="1" ind2=" ">
    <subfield code="a">&#x41A;&#x430;&#x431;&#x431;&#x430;&#x43B;&#x430;</subfield>
    <subfield code="9">1274272</subfield>
    <subfield code="3">RU\NLR\auth\66524815</subfield>
  </datafield>
  <datafield tag="606" ind1="1" ind2=" ">
    <subfield code="a">&#x415;&#x432;&#x440;&#x435;&#x439;&#x441;&#x43A;&#x430;&#x44F; &#x43C;&#x435;&#x434;&#x438;&#x446;&#x438;&#x43D;&#x430;</subfield>
    <subfield code="9">1135155</subfield>
    <subfield code="3">RU\NLR\auth\66451224</subfield>
  </datafield>
  <datafield tag="686" ind1=" " ind2=" ">
    <subfield code="a">&#x42D;36-34-024.7</subfield>
  </datafield>
  <datafield tag="686" ind1=" " ind2=" ">
    <subfield code="a">&#x420;358.9</subfield>
  </datafield>
  <datafield tag="700" ind1=" " ind2="1">
    <subfield code="4">070</subfield>
    <subfield code="8">rus</subfield>
    <subfield code="7">ca</subfield>
    <subfield code="a">&#x413;&#x43B;&#x430;&#x437;&#x435;&#x440;&#x441;&#x43E;&#x43D;</subfield>
    <subfield code="b">&#x41C;.</subfield>
    <subfield code="g">&#x41C;&#x430;&#x442;&#x438;&#x442;&#x44C;&#x44F;&#x433;&#x443;</subfield>
    <subfield code="3">RU\NLR\auth\77113304</subfield>
    <subfield code="9">96229</subfield>
  </datafield>
  <datafield tag="790" ind1=" " ind2="1">
    <subfield code="6">z77517</subfield>
    <subfield code="a">Glazerson</subfield>
    <subfield code="b">M.</subfield>
    <subfield code="g">Matityahu</subfield>
    <subfield code="4">070</subfield>
  </datafield>
  <datafield tag="801" ind1=" " ind2="0">
    <subfield code="a">RU</subfield>
    <subfield code="b">NLR</subfield>
    <subfield code="c">20061219</subfield>
    <subfield code="g">RCR</subfield>
  </datafield>
  <datafield tag="801" ind1=" " ind2="1">
    <subfield code="a">RU</subfield>
    <subfield code="b">NLR</subfield>
    <subfield code="c">20061219</subfield>
  </datafield>
  <datafield tag="852" ind1=" " ind2=" ">
    <subfield code="a">NLR</subfield>
    <subfield code="b">&#x41E;&#x41B;&#x421;&#x410;&#x410;-&#x438;&#x432;&#x440;</subfield>
    <subfield code="j">3-2659</subfield>
  </datafield>
  <datafield tag="856" ind1=" " ind2="0">
    <subfield code="u">https://vivaldi.nlr.ru/bx700005203/view</subfield>
  </datafield>
  <datafield tag="856" ind1=" " ind2="1">
    <subfield code="u">https://vivaldi.nlr.ru/bx700005203/cover</subfield>
  </datafield>
  <datafield tag="856" ind1=" " ind2="2">
    <subfield code="u">https://vivaldi.nlr.ru/bx700005203/text</subfield>
  </datafield>
  <datafield tag="942" ind1=" " ind2=" ">
    <subfield code="c">BOOK</subfield>
  </datafield>
  <datafield tag="980" ind1=" " ind2=" ">
    <subfield code="a">NB</subfield>
  </datafield>
  <datafield tag="980" ind1="1" ind2=" ">
    <subfield code="a">HEBR</subfield>
  </datafield>
  <datafield tag="981" ind1="2" ind2="3">
    <subfield code="a">(23) &#x41D;&#x430;&#x446;&#x438;&#x43E;&#x43D;&#x430;&#x43B;&#x44C;&#x43D;&#x44B;&#x435; &#x43B;&#x438;&#x442;&#x435;&#x440;&#x430;&#x442;&#x443;&#x440;&#x44B;</subfield>
    <subfield code="b">(23) &#x41A;&#x43D;&#x438;&#x433;&#x438; &#x41E;&#x41B;&#x421;&#x410;&#x410;</subfield>
  </datafield>
  <datafield tag="995" ind1=" " ind2=" ">
    <subfield code="5">2006-12-19</subfield>
    <subfield code="a">ad</subfield>
    <subfield code="b">NLR01</subfield>
    <subfield code="c">NLR01</subfield>
    <subfield code="e">OLCAA</subfield>
    <subfield code="f">2328020</subfield>
    <subfield code="k">&#x41E;&#x41B;&#x421;&#x410;&#x410;-&#x438;&#x432;&#x440; 3-2659</subfield>
    <subfield code="o">0</subfield>
    <subfield code="r">BOOK</subfield>
    <subfield code="s">_32659</subfield>
  </datafield>
  <datafield tag="995" ind1=" " ind2=" ">
    <subfield code="5">2006-12-19</subfield>
    <subfield code="a">ad</subfield>
    <subfield code="b">NLR01</subfield>
    <subfield code="c">NLR01</subfield>
    <subfield code="e">OLS05</subfield>
    <subfield code="f">2328025</subfield>
    <subfield code="k">&#x41E;&#x41B;&#x421;&#x410;&#x410;-&#x438;&#x432;&#x440; 3-2659&#x430;</subfield>
    <subfield code="o">0</subfield>
    <subfield code="r">BOOK</subfield>
    <subfield code="s">_32659</subfield>
  </datafield>
  <datafield tag="995" ind1=" " ind2=" ">
    <subfield code="5">2007-12-19</subfield>
    <subfield code="a">aa</subfield>
    <subfield code="b">NLR01</subfield>
    <subfield code="c">NLR01</subfield>
    <subfield code="e">OBM02</subfield>
    <subfield code="f">2574577</subfield>
    <subfield code="o">0</subfield>
    <subfield code="p">228.00</subfield>
    <subfield code="r">BOOK</subfield>
  </datafield>
</record>
